Szemelvények a BGE kutatásaiból IV. kötet

Bibliográfiai részletek
Szerző: Szegedi Krisztina
Dokumentumtípus: Könyv
Megjelent: Budapesti Gazdaságtudományi Egyetem Budapest, Magyarország 2026
Tárgyszavak:
doi:10.29180/978-615-6886-28-6

Online Access:http://publikaciotar.uni-bge.hu/2648

MARC

LEADER 00000nam a2200000 i 4500
001 publ2648
005 20260401081148.0
008 260331s2026 hu o 000 zxx d
020 |a 978-615-6886-28-6 
024 |a 10.29180/978-615-6886-28-6  |2 doi 
040 |a BGE Publikációtár Repozitórium  |b hun 
100 1 |a Szegedi Krisztina 
245 1 0 |a Szemelvények a BGE kutatásaiból IV. kötet  |c Szegedi Krisztina  |h [elektronikus dokumentum] 
260 |a Budapesti Gazdaságtudományi Egyetem  |b Budapest, Magyarország  |c 2026 
300 |a 37 
650 4 |a közgazdaságtudományok 
856 4 0 |u https://publikaciotar.uni-bge.hu/id/eprint/2648/1/BGE%20Szemelv%C3%A9nyek%202025.pdf  |z Dokumentum-elérés